Проблемы учебного физического эксперимента. Вып. 37 (Запись № 13080363)

Подробности
000 -МАРКЕР
контрольное поле 01787nam2a2200253 4500
001 - ИДЕНТИФИКАТОР ЗАПИСИ
контрольное поле RU\NLR\BIBL_A\016337318
005 - ИДЕНТИФИКАТОР ВЕРСИИ
контрольное поле 20260408184556.0
010 ## - МЕЖДУНАРОДНЫЙ СТАНДАРТНЫЙ НОМЕР КНИГИ (ISBN)
Номер (ISBN) 978-5-93008-391-0
035 ## - ДРУГИЕ СИСТЕМНЫЕ НОМЕРА
Идентификатор записи (NLR Aleph) 016337318
100 ## - ДАННЫЕ ОБЩЕЙ ОБРАБОТКИ
Данные общей обработки 20230407d2023 |||y0rusy50 ca
101 0# - ЯЗЫК РЕСУРСА
Язык текста, звукозаписи и т.д. русский
102 ## - СТРАНА ПУБЛИКАЦИИ ИЛИ ПРОИЗВОДСТВА
Страна публикации Российская Федерация
200 0# - ЗАГЛАВИЕ И СВЕДЕНИЯ ОБ ОТВЕТСТВЕННОСТИ
Основное заглавие Вып. 37
Сведения, относящиеся к заглавию [материалы XXVIII Всероссийской научно-практической конференции "Учебный физический эксперимент: Актуальные проблемы. Современные решения", 27-28 января 2023 г., г. Глазов]
210 ## - ПУБЛИКАЦИЯ, РАСПРОСТРАНЕНИЕ И ДР.
Дата издания, распространения и т.д. 2023
Место издания, распространения и т.д. Б. м.
461 #0 - УРОВЕНЬ НАБОРА
Встроенное поле 001RU\NLR\INFOCOMM18\1000117240
-- 2001#$aПроблемы учебного физического эксперимента$dThe problems of educational physical experiment$fГлазов. гос. пед. ин-т им. В.Г. Короленко$zeng$vВып. 37
Системный номер (АБИС) связанной записи 3692060
Место публикации Глазов
Дата публикации 1995-
Первые сведения об ответственности Глазов. гос. пед. ин-т им. В.Г. Короленко
Параллельное заглавие The problems of educational physical experiment
Имя издателя, распространителя и т.д. ГГПИ
Заглавие Проблемы учебного физического эксперимента
Номер тома Вып. 37
606 ## - НАИМЕНОВАНИЕ ТЕМЫ КАК ПРЕДМЕТ
Наименование темы Физический эксперимент школьный
Формальный подзаголовок Съезды, совещания и т.п
Идентификатор авторитетной/нормативной записи RU\NLR\AUTH\661138831
Системный номер авторитетной/нормативной записи 1868152
686 1# - ИНДЕКСЫ ДРУГИХ КЛАССИФИКАЦИЙ
Индекс Ч426.51-253.1я431
711 12 - НАИМЕНОВАНИЕ ОРГАНИЗАЦИИ - АЛЬТЕРНАТИВНАЯ ОТВЕТСТВЕННОСТЬ
Начальный элемент ввода "Учебный физический эксперимент: актуальные проблемы. Современные решения", всероссийская научно-практическая конференция
Порядковый номер временной организации и / или порядковый номер ее части 28
Место проведения временной организации Глазов
Дата проведения временной организации 2023
Системный номер авторитетной/нормативной записи 844261
Идентификатор авторитетной/нормативной записи RU\NLR\AUTH\880589323
852 ## - МЕСТОНАХОЖДЕНИЕ И ШИФР ХРАНЕНИЯ
Идентификатор организации NLR
Шифр хранения (Call Number) П7/2430
942 ## - ДОПОЛНИТЕЛЬНЫЕ ЭЛЕМЕНТЫ ЗАПИСИ (АБИС)
Тип экземпляра АБИС Выпуск
980 ## - КОЛЛЕКЦИЯ
Название коллекции Национальная библиография
980 ## - КОЛЛЕКЦИЯ
Название коллекции Русская периодика

Нет доступных экземпляров.